| 000 | 00486nab a2200145Ia 4500 | ||
|---|---|---|---|
| 003 | ES-SlBCS | ||
| 005 | 20210601123944.0 | ||
| 008 | 140529s1978 xxu||||| |||| 00| 0 eng d | ||
| 041 | _aeng | ||
| 100 | 1 |
_aAiraksinen, Timo _9132454 |
|
| 245 | 0 | 0 |
_aFive Types of Knowledge: Perceptual, Coherence, Accepted, Learned, Ecological _c Timo Airaksinen |
| 650 | 0 | 4 |
_aConocimiento _9113574 |
| 773 | 0 |
_tAmerican Philosophical Quarterly _gvol. 15, nº. 1, 1978, págs. 263-274 _wRev1386 |
|
| 942 | _cAR | ||
| 999 |
_c506788 _d506788 |
||